Cyclisme : Les équipes de Peter Sagan - Statistiques

Statistiques générales
  • Ce quiz a été pris 139 fois
  • Le résultat moyen est 9 sur 16
Statistiques - réponses
Années Pays de l'équipe Réponses % Correct
2017 Allemagne BORA - hansgrohe
84%
2018 Allemagne BORA - hansgrohe
84%
2019 Allemagne BORA - hansgrohe
84%
2020 Allemagne BORA - hansgrohe
84%
2021 Allemagne BORA - hansgrohe
84%
2015 Russie Tinkoff - Saxo
74%
2016 Russie Tinkoff
69%
2022 France TotalEnergies
58%
2023 France TotalEnergies
58%
2014 Italie Cannondale
46%
2011 Italie Liquigas - Cannondale
44%
2012 Italie Liquigas - Cannondale
44%
2010 Italie Liquigas - Doimo
44%
2013 Italie Cannondale Pro Cycling Team
36%
2024 Slovaquie Pierre Baguette Cycling
20%
2009 Slovaquie Dukla Trencin - Merida
8%
Aucun quiz correspondant
Distribution des résultats
% des personnes avec chaque résultat
Percentile par nombre de réponses
Votre historique - résultats
Vous n’avez pas pris ce quiz